[Event "4NCL/Div1/BAR1 vs. WGR1"]
[Site "Telford ENG"]
[Date "2003.01.18"]
[Round "3.2"]
[White "Short, Nigel"]
[Black "Collinson, Adam"]
[Result "1/2-1/2"]
[WhiteElo "2690"]
[BlackElo "2390"]
[PlyCount "111"]
[EventDate "2003.01.18"]

1. e4 c5 2. Nf3 d6 3. d4 cxd4 4. Nxd4 Nf6 5. Nc3 a6 6. Be2 e5 7. Nb3 Be7 8. O-O
O-O 9. Kh1 b6 10. Be3 Bb7 11. f3 Nbd7 12. a4 Qc7 13. Qd2 Rfd8 14. Rfd1 h6 15.
Qc1 Bf8 16. Rd2 Nc5 17. Nxc5 dxc5 18. Bc4 Rxd2 19. Qxd2 Rd8 20. Qe2 a5 21. Kg1
Bc6 22. b3 Be7 23. Rf1 Bd6 24. g3 Qe7 25. Bc1 Bc7 26. Nd1 Kh7 27. Ne3 g6 28. c3
Bd7 29. g4 Be6 30. Kg2 Rd7 31. h4 Ng8 32. Rh1 Bxc4 33. Qxc4 Qe6 34. Qxe6 fxe6
35. Nc4 Kg7 36. Kf2 Ne7 37. Ke2 Nc6 38. Be3 Bd8 39. g5 h5 40. Rd1 Rxd1 41. Kxd1
Bc7 42. Ke2 Kf7 43. Kd3 Ke8 44. Na3 Kd7 45. Kc4 Na7 46. Nb5 Nc8 47. b4 cxb4 48.
cxb4 axb4 49. Kxb4 Kc6 50. Bf2 Bb8 51. Bg3 Kb7 52. Kc4 Ne7 53. Be1 Nc6 54. Bc3
Bc7 55. Bb2 Bb8 56. Bc3 1/2-1/2

[Event "4NCL/Div1/BAR1 vs. WGR1"]
[Site "Telford ENG"]
[Date "2003.01.18"]
[Round "3.4"]
[White "Baburin, Alexander"]
[Black "Kelly, Brian"]
[Result "1/2-1/2"]
[WhiteElo "2558"]
[BlackElo "2468"]
[PlyCount "39"]
[EventDate "2003.01.18"]

1. d4 d5 2. c4 c6 3. Nf3 Nf6 4. e3 e6 5. Bd3 Nbd7 6. O-O Be7 7. Nbd2 O-O 8. b3
b6 9. Bb2 Bb7 10. Rc1 Rc8 11. Ne5 dxc4 12. Ndxc4 c5 13. Nxd7 Qxd7 14. dxc5 Qc6
15. f3 Bxc5 16. Qe1 Qd5 17. Ne5 Qd6 18. Kh1 Rfd8 19. Rd1 Qe7 20. Qh4 1/2-1/2

[Event "4NCL/Div1/BAR1 vs. WGR1"]
[Site "Telford ENG"]
[Date "2003.01.18"]
[Round "3.6"]
[White "Ward, Christopher"]
[Black "Knott, Simon"]
[Result "1-0"]
[WhiteElo "2513"]
[BlackElo "2401"]
[PlyCount "67"]
[EventDate "2003.01.18"]

1. d4 Nf6 2. c4 g6 3. f3 d5 4. cxd5 Nxd5 5. e4 Nb6 6. Nc3 Bg7 7. Be3 O-O 8. Qd2
Nc6 9. O-O-O Na5 10. b3 Nc6 11. Kb1 a5 12. d5 Nb4 13. Bd4 Bxd4 14. Qxd4 e6 15.
a3 Na6 16. Kb2 exd5 17. exd5 Bd7 18. Bxa6 bxa6 19. Nge2 a4 20. Nxa4 Nxa4+ 21.
bxa4 c5 22. Qc4 Qg5 23. Ng3 Rab8+ 24. Ka2 Qe5 25. Rd2 f5 26. f4 Qe3 27. Re2 Qd4
28. Qxd4 cxd4 29. Rd1 Bxa4 30. Rxd4 Bb3+ 31. Ka1 Rfc8 32. d6 Rc1+ 33. Kb2 Rc6 {
(=)} 34. Rb4 1-0

[Event "4NCL/Div1/BAR1 vs. WGR1"]
[Site "Telford ENG"]
[Date "2003.01.18"]
[Round "3.7"]
[White "Ferguson, Mark"]
[Black "Martin, Andrew D"]
[Result "0-1"]
[WhiteElo "2377"]
[BlackElo "2426"]
[PlyCount "88"]
[EventDate "2003.01.18"]

1. e4 d5 2. exd5 Qxd5 3. Nf3 Nf6 4. d4 Bg4 5. Be2 e6 6. O-O Be7 7. Bf4 Qd8 8.
c4 O-O 9. Qb3 Qc8 10. Nc3 Nbd7 11. Rad1 a6 12. Rfe1 Re8 13. Ne5 Bxe2 14. Rxe2
Nxe5 15. dxe5 Nd7 16. Ne4 Nf8 17. Qg3 Ng6 18. Red2 Rd8 19. Rxd8+ Bxd8 20. Qg4
Be7 21. Bg3 Qe8 22. h4 Rd8 23. h5 Rxd1+ 24. Qxd1 Nf8 25. Qg4 Qd8 26. Kh2 Nd7
27. h6 g6 28. Bf4 Nc5 29. Nxc5 Bxc5 30. Qf3 Qd4 31. Bg3 Qxb2 32. Qf6 Bf8 33.
Qd8 Qc1 34. Qxc7 Qxh6+ 35. Kg1 Qc1+ 36. Kh2 b5 37. Qc6 bxc4 38. Qxa6 c3 39. Qc4
g5 40. f4 c2 41. fxg5 Qd1 42. Bf4 Ba3 43. g6 hxg6 44. Qc8+ Kg7 0-1

[Event "4NCL/Div1/BAR1 vs. WGR1"]
[Site "Telford ENG"]
[Date "2003.01.18"]
[Round "3.8"]
[White "Hunt, Harriet"]
[Black "Lauterbach, Ingrid"]
[Result "1/2-1/2"]
[WhiteElo "2389"]
[BlackElo "2144"]
[PlyCount "76"]
[EventDate "2003.01.18"]

1. e4 e5 2. Nf3 Nc6 3. Bb5 Nf6 4. d3 Bc5 5. O-O d6 6. c3 O-O 7. h3 h6 8. Re1
Bd7 9. a4 a6 10. Bc4 Ne7 11. d4 exd4 12. cxd4 Bb4 13. Nc3 d5 14. exd5 Bxc3 15.
bxc3 Nexd5 16. Bd2 b5 17. Bd3 Qc8 18. axb5 axb5 19. Rxa8 Qxa8 20. Ne5 Qc8 21.
Qf3 c6 22. Rc1 Be6 23. c4 bxc4 24. Rxc4 Ne7 25. Rc1 Bd5 26. Qf4 Nd7 27. Bb4 Re8
28. Bxe7 Rxe7 29. Bf5 Qc7 30. Ra1 g5 31. Qg4 Nxe5 32. dxe5 Qxe5 33. Rc1 Kg7 34.
h4 f6 35. Bd3 Bf7 36. hxg5 fxg5 37. Rxc6 Qd5 38. Qb4 Qxc6 1/2-1/2

[Event "4NCL/Div1/PYO vs. GUI1"]
[Site "Telford ENG"]
[Date "2003.01.18"]
[Round "3.1"]
[White "Haslinger, Stewart"]
[Black "Gallagher, Joseph G"]
[Result "1-0"]
[WhiteElo "2385"]
[BlackElo "2526"]
[PlyCount "85"]
[EventDate "2003.01.18"]

1. e4 c5 2. Nf3 d6 3. d4 cxd4 4. Nxd4 Nf6 5. Nc3 a6 6. f3 e5 7. Nb3 Be6 8. Be3
Be7 9. Qd2 O-O 10. O-O-O Qc7 11. g4 Rc8 12. g5 Nh5 13. Kb1 Nd7 14. h4 g6 15.
Qf2 b5 16. Bh3 Bf8 17. Bg4 b4 18. Nd5 Bxd5 19. Rxd5 a5 20. Bxd7 Qxd7 21. Rxa5
Rxa5 22. Nxa5 d5 {(=)} 23. exd5 Qxd5 24. Nb3 Bg7 25. Rf1 f5 26. Qd2 Qc4 27. Rd1
Kh8 28. Nc5 Bf8 29. Nd7 Rd8 30. Bb6 Ra8 31. Qd5 Qxd5 32. Rxd5 Bg7 33. Nxe5 Kg8
34. Nd3 Bf8 35. Rd8 Rxd8 36. Bxd8 Bd6 37. Ba5 Bg3 38. Bxb4 Bxh4 39. f4 Bg3 40.
Bd2 h6 41. a4 hxg5 42. a5 Nxf4 43. Bxf4 1-0

[Event "4NCL/Div1/PYO vs. GUI1"]
[Site "Telford ENG"]
[Date "2003.01.18"]
[Round "3.2"]
[White "Hebden, Mark L"]
[Black "Taylor, Martin R"]
[Result "0-1"]
[WhiteElo "2515"]
[BlackElo "2300"]
[PlyCount "80"]
[EventDate "2003.01.18"]

1. d4 d5 2. c4 e6 3. Nf3 Nf6 4. Bg5 Nbd7 5. e3 c6 6. Nbd2 Be7 7. Rc1 O-O 8. Bd3
h6 9. Bh4 c5 10. cxd5 Nxd5 11. Bxe7 Qxe7 12. O-O cxd4 13. Nxd4 N7f6 14. Qf3 Rd8
15. Ne4 Nxe4 16. Bxe4 Nf6 17. h3 Qb4 18. Rc7 Rb8 19. Qf4 e5 20. Qxe5 Re8 21.
Qg3 Nxe4 22. Qf4 Nf6 23. Rxf7 Kxf7 24. Qxb8 Qxb2 25. Qxa7 Be6 26. a4 Bc4 27.
Nb5 Bxf1 28. Nd6+ Kf8 29. Qc5 Qa1 30. f4 Bb5+ 31. Kh2 Bxa4 32. e4 Re7 33. e5
Ng8 34. Qc8+ Be8 35. Qf5+ Nf6 36. Qc8 Qd4 37. Qc1 Ne4 38. Nf5 Qd2 39. Qf1 Rf7
40. Nh4 Qxf4+ 0-1

[Event "4NCL/Div1/PYO vs. GUI1"]
[Site "Telford ENG"]
[Date "2003.01.18"]
[Round "3.3"]
[White "Bigg, Andrew J"]
[Black "Flear, Glenn C"]
[Result "1/2-1/2"]
[WhiteElo "2292"]
[BlackElo "2503"]
[PlyCount "93"]
[EventDate "2003.01.18"]

1. d4 d5 2. c4 e6 3. Nc3 c6 4. Nf3 Nf6 5. Bg5 Nbd7 6. e3 Qa5 7. cxd5 Nxd5 8.
Qd2 N7b6 9. Rc1 Nxc3 10. bxc3 Nd5 11. Bd3 Nxc3 12. O-O Bb4 13. Qb2 Nd5 14. Qc2
h6 15. Bh4 O-O 16. Ne5 Be7 17. Bxe7 Nxe7 18. f4 f6 19. Nc4 Qd8 20. Qb2 c5 21.
Bb1 cxd4 22. Rfd1 Nc6 23. Qc2 f5 24. exd4 Qe7 25. Ne5 Rd8 26. Nxc6 bxc6 27. Qe2
Qd6 28. Qe5 Qxe5 29. dxe5 Rd5 30. Bc2 Kf8 31. Ba4 Bd7 32. Bb3 Rxd1+ 33. Rxd1
Ke7 34. Rc1 Rb8 35. Kf2 Rb4 36. Ke3 a5 37. g3 g5 38. Rc4 Rxc4 39. Bxc4 c5 40.
a3 Bc6 41. Kd2 Bd5 42. Kc3 Kd7 43. Bb5+ {(=)} 43... Kc7 44. Be2 Kc6 45. Bf1 Kd7
46. Bb5+ Ke7 47. Be2 1/2-1/2

[Event "4NCL/Div1/PYO vs. GUI1"]
[Site "Telford ENG"]
[Date "2003.01.18"]
[Round "3.4"]
[White "Gormally, Daniel W"]
[Black "Rendle, Thomas E"]
[Result "1/2-1/2"]
[WhiteElo "2479"]
[BlackElo "2238"]
[PlyCount "87"]
[EventDate "2003.01.18"]

1. d4 f5 2. Nc3 Nf6 3. Bg5 d5 4. Bxf6 exf6 5. e3 Be6 6. Qf3 Qd7 7. Bb5 Nc6 8.
Nge2 a6 9. Bxc6 Qxc6 10. Nf4 Bb4 11. O-O O-O-O 12. Nce2 Qd7 13. Nd3 Bd6 14. Nc5
Qe7 15. b4 g5 16. Nc1 h5 17. N1b3 g4 18. Qe2 Bd7 19. Na5 Bxc5 20. bxc5 Bb5 21.
c4 Bxc4 22. Nxc4 dxc4 23. c6 Qe6 24. cxb7+ Kxb7 25. Rab1+ Ka7 26. Rbc1 Rxd4 27.
Rc3 Qe4 28. Rfc1 f4 29. Qf1 fxe3 30. fxe3 Rd2 31. Kh1 Rhd8 32. Rxc4 Qxc4 33.
Rxc4 Rd1 34. Rxc7+ Kb8 35. Rc1 Rxf1+ 36. Rxf1 Rd2 37. Kg1 Rxa2 38. Rxf6 h4 39.
Rg6 Ra4 40. Rh6 Ra1+ 41. Kf2 Ra2+ 42. Kf1 h3 43. gxh3 Rxh2 44. Rxa6 1/2-1/2

[Event "4NCL/Div1/PYO vs. GUI1"]
[Site "Telford ENG"]
[Date "2003.01.18"]
[Round "3.5"]
[White "Yastrebov, Alexander"]
[Black "Plaskett, James"]
[Result "0-1"]
[WhiteElo "2207"]
[BlackElo "2467"]
[PlyCount "88"]
[EventDate "2003.01.18"]

1. e4 c5 2. Nf3 d6 3. d4 cxd4 4. Qxd4 Nc6 5. Bb5 Bd7 6. Bxc6 Bxc6 7. Nc3 Nf6 8.
Bg5 e6 9. O-O-O Be7 10. Rhe1 O-O 11. Qd2 Rc8 12. Nd4 a6 13. f3 b5 14. h4 Bb7
15. Kb1 Qc7 16. g4 Rfd8 17. h5 b4 18. Nce2 e5 19. Nf5 d5 20. Nxe7+ Qxe7 21. Qe3
dxe4 22. Bxf6 Qxf6 23. fxe4 h6 24. Rd3 Qh4 25. Rg1 Kh8 26. Qf3 Bc6 27. Ng3 Bb5
28. Rd5 Qg5 29. Nf5 Rxd5 30. exd5 Qd2 31. Ne3 e4 32. Qg3 f6 33. Rd1 Qe2 34. Qe1
Qf3 35. Rd2 Bd7 36. Qg1 a5 37. d6 a4 38. b3 a3 39. Nc4 Bxg4 40. d7 Rd8 41. Ne3
Rxd7 42. Rxd7 Bxd7 43. Qe1 Qxh5 44. c4 Qh2 0-1

[Event "4NCL/Div1/PYO vs. GUI1"]
[Site "Telford ENG"]
[Date "2003.01.18"]
[Round "3.6"]
[White "Prie, Eric"]
[Black "Mutton, Jonathan B"]
[Result "1-0"]
[WhiteElo "2446"]
[BlackElo "2197"]
[PlyCount "73"]
[EventDate "2003.01.18"]

1. Nf3 Nf6 2. c4 e6 3. Nc3 Bb4 4. g4 d5 5. Qb3 Nc6 6. g5 dxc4 7. Qxc4 Nd5 8.
Bg2 O-O 9. O-O Nb6 10. Qh4 Qe7 11. Ne4 Nd5 12. d3 e5 13. Ng3 Bd6 14. Nh5 Qe6
15. h3 Nce7 16. Qc4 Bd7 17. Bd2 Bc6 18. e4 Nf4 19. Nxf4 exf4 20. Qxe6 fxe6 21.
Rfe1 e5 22. Bc3 Ng6 23. h4 Rfe8 24. h5 Nf8 25. d4 exd4 26. Nxd4 Be5 27. Nxc6
bxc6 28. Rac1 c5 29. Red1 Bxc3 30. Rxc3 Re5 31. Rd5 Rxd5 32. exd5 Rb8 33. b3
Rb5 34. Bf1 Ra5 35. a4 Nd7 36. Bb5 Nb8 37. Rxc5 {
Not too sure of the accuracy of the last few moves (fm move 32 on)} 1-0

[Event "4NCL/Div1/PYO vs. GUI1"]
[Site "Telford ENG"]
[Date "2003.01.18"]
[Round "3.7"]
[White "Dorrington, Christopher"]
[Black "Matros, Alexander"]
[Result "0-1"]
[WhiteElo "2188"]
[BlackElo "2452"]
[PlyCount "127"]
[EventDate "2003.01.18"]

1. e4 c5 2. Nc3 Nc6 3. Nge2 e6 4. d4 cxd4 5. Nxd4 Qc7 6. Be3 a6 7. Be2 Nf6 8.
O-O Be7 9. Kh1 d6 10. f4 O-O 11. a4 Re8 12. Nb3 b6 13. Bd3 Bb7 14. Qf3 Nb4 15.
Qg3 Nd7 16. Bd4 e5 17. fxe5 dxe5 18. a5 b5 19. Rf5 f6 20. Rc1 Kh8 21. Be2 Rac8
22. Bg1 Nc5 23. Rh5 Nxe4 24. Qh4 Ng5 25. Be3 g6 26. Rh6 Kg8 27. Bg4 Qc6 28. Rg1
Bf8 29. Bxc8 Rxc8 30. Bxg5 fxg5 31. Qxg5 Bxh6 32. Qxh6 Nxc2 33. Qd2 b4 34. Qxc2
bxc3 35. Rd1 cxb2 36. Qxb2 Qb5 37. Qb1 Bd5 38. Nd2 Qe2 39. Nf3 Rc2 40. Qb8+ Kg7
41. Qxe5+ Qxe5 42. Nxe5 Bxg2+ 43. Kg1 Bh3 44. Nd3 Rg2+ 45. Kh1 Rg5 46. Nf4 Bg4
47. Rd3 Rxa5 48. h3 Bf5 49. Rd6 Ra4 50. Ne6+ Bxe6 51. Rxe6 Ra2 52. Re7+ Kh6 53.
Ra7 a5 54. Kg1 a4 55. Kh1 a3 56. Kg1 Kg5 57. Ra4 Kf5 58. Kf1 g5 59. Kg1 h5 60.
Kf1 g4 61. Ra5+ Kf4 62. Rxh5 Rb2 63. Ra5 a2 64. Ra4+ 0-1

[Event "4NCL/Div1/PYO vs. GUI1"]
[Site "Telford ENG"]
[Date "2003.01.18"]
[Round "3.8"]
[White "Flear, Christine"]
[Black "Gilbert, Jessie"]
[Result "1-0"]
[WhiteElo "2213"]
[BlackElo "2116"]
[PlyCount "63"]
[EventDate "2003.01.18"]

1. d4 Nf6 2. c4 g6 3. Nc3 Bg7 4. e4 d6 5. f4 O-O 6. Nf3 c5 7. d5 e6 8. Be2 exd5
9. cxd5 Bg4 10. O-O Nbd7 11. Re1 Re8 12. h3 Bxf3 13. Bxf3 Rb8 14. a4 a6 15. a5
b5 16. axb6 Qxb6 17. Re2 Re7 18. Be3 Ne8 19. Qd3 a5 20. Kh1 Qc7 21. Qa6 f5 22.
exf5 gxf5 23. Bf2 Qd8 24. Rxe7 Qxe7 25. Re1 Qd8 26. Re2 Qb6 27. Qd3 Ndf6 28.
Qxf5 Rb7 29. Qe6+ Kh8 30. Bh5 Nc7 31. Qc8+ Nce8 32. Rxe8+ 1-0

[Event "4NCL/Div1/RIC vs. SLO1"]
[Site "Telford ENG"]
[Date "2003.01.18"]
[Round "3.1"]
[White "Quinn, Mark"]
[Black "Wells, Peter K"]
[Result "0-1"]
[WhiteElo "2417"]
[BlackElo "2486"]
[PlyCount "62"]
[EventDate "2003.01.18"]

1. c4 e6 2. Nf3 Nf6 3. d4 d5 4. g3 Be7 5. Bg2 O-O 6. O-O dxc4 7. Qc2 a6 8. Qxc4
b5 9. Qc2 Bb7 10. Bg5 Nbd7 11. Rd1 Rc8 12. a4 c5 13. axb5 axb5 14. Qb3 cxd4 15.
Qxb5 Bxf3 16. Bxf6 Bxf6 17. exf3 Rb8 18. Qe2 Nc5 19. Qc4 Qb6 20. Nd2 Rfc8 21.
Rac1 Qd8 22. b4 Na4 23. Qa6 Nc3 24. Re1 d3 25. Bf1 Rxb4 26. Qxd3 Qxd3 27. Bxd3
Rd8 28. Re3 Rxd3 29. Rxd3 Ne2+ 30. Kg2 Nxc1 31. Rd7 Rd4 0-1

[Event "4NCL/Div1/RIC vs. SLO1"]
[Site "Telford ENG"]
[Date "2003.01.18"]
[Round "3.2"]
[White "Houska, Jovanka"]
[Black "Bates, Richard A"]
[Result "1/2-1/2"]
[WhiteElo "2386"]
[BlackElo "2367"]
[PlyCount "129"]
[EventDate "2003.01.18"]

1. e4 c5 2. Nc3 d6 3. Nge2 Nf6 4. g3 g6 5. Bg2 Bg7 6. d3 O-O 7. h3 Nc6 8. Be3
Rb8 9. Qd2 b5 10. O-O b4 11. Nd1 Ba6 12. Bh6 Bxh6 13. Qxh6 Nd4 14. Qd2 Qb6 15.
Ne3 Rfc8 16. Kh2 c4 17. dxc4 Nxe2 18. Qxe2 Qd4 19. b3 Nxe4 20. Qg4 Bb7 21. Nf5
Qe5 22. Bxe4 Bxe4 23. Nh6+ Kg7 24. Rae1 d5 25. cxd5 Kxh6 26. Rxe4 Qxd5 27. Rxe7
Kg7 28. Rd1 Qc5 29. Qe2 Re8 30. Rdd7 Rxe7 31. Rxe7 Rc8 32. Kg2 a5 33. Qe6 Qc6+
34. Qxc6 Rxc6 35. Re5 Rxc2 36. Rxa5 h5 37. Rb5 Rxa2 38. Rxb4 Rb2 39. Rb6 Kg8
40. Kf3 Kg7 41. h4 Rc2 42. Ke3 Rc3+ 43. Ke4 Rc2 44. f3 Rg2 45. Kf4 Rb2 46. b4
Rb1 47. Rb7 Rb2 48. g4 hxg4 49. Kxg4 Rb1 50. Rb5 Rg1+ 51. Kf4 Rb1 52. Rb7 Rh1
53. Kg3 Rg1+ 54. Kh2 Rb1 55. b5 Rb2+ 56. Kg3 Rb4 57. b6 Kf6 58. f4 Rb3+ 59. Kg4
Kg7 60. h5 gxh5+ 61. Kxh5 Kf6 62. Kg4 Kg6 63. Rb8 Kf6 64. b7 Rb1 65. Rc8
1/2-1/2

[Event "4NCL/Div1/RIC vs. SLO1"]
[Site "Telford ENG"]
[Date "2003.01.18"]
[Round "3.3"]
[White "Wall, Gavin"]
[Black "Wohl, Aleksandar H"]
[Result "1-0"]
[WhiteElo "2362"]
[BlackElo "2415"]
[PlyCount "119"]
[EventDate "2003.01.18"]

1. e4 g6 2. d4 d6 3. h4 Nf6 4. Nc3 c6 5. Be2 h5 6. Bg5 b5 7. e5 dxe5 8. dxe5
Qxd1+ 9. Rxd1 Ng4 10. Nxb5 cxb5 11. Bf3 Nxe5 12. Bxa8 Bg7 13. Ne2 Bf5 14. Nd4
Bd7 15. O-O Nc4 16. b3 Nb6 17. Bb7 f6 18. Be3 e5 19. Ne2 Kd8 20. Nc3 Kc7 21.
Bf3 f5 22. Nd5+ Nxd5 23. Bxd5 Nc6 24. Bf7 f4 25. Bc5 Bf5 26. Rd2 Bf8 27. Bxf8
Rxf8 28. Bd5 Rd8 29. Rfd1 Nd4 30. c3 Rxd5 31. cxd4 e4 32. f3 e3 33. Re2 g5 34.
g3 Be6 35. Kh2 g4 36. gxf4 gxf3 37. Rxe3 Bg4 38. Kg3 Rd6 39. d5 Rg6 40. Rc1+
Kd7 41. Re5 a5 42. Rg5 Rf6 43. Rg7+ Kd8 44. Rc6 Rf8 45. d6 f2 46. Kxf2 Rxf4+
47. Ke3 Rf3+ 48. Kd4 Rf4+ 49. Kc5 Rf5+ 50. Kb6 Rd5 51. Kxa5 b4+ 52. Kxb4 Bd7
53. Rg8+ Be8 54. Ra6 Rb5+ 55. Kc4 Rb8 56. Ra7 Rc8+ 57. Kd4 Rb8 58. d7 Rb4+ 59.
Kc3 Rxb3+ 60. axb3 1-0

[Event "4NCL/Div1/RIC vs. SLO1"]
[Site "Telford ENG"]
[Date "2003.01.18"]
[Round "3.4"]
[White "McNab, Colin A"]
[Black "Heidenfeld, Mark"]
[Result "1/2-1/2"]
[WhiteElo "2423"]
[BlackElo "2355"]
[PlyCount "71"]
[EventDate "2003.01.18"]

1. c4 e6 2. Nf3 Nf6 3. g3 b6 4. Bg2 Bb7 5. O-O d5 6. b3 dxc4 7. bxc4 c5 8. Bb2
Be7 9. e3 O-O 10. Qe2 Nc6 11. Rd1 Qc7 12. Nc3 Rac8 13. Ne1 Rfd8 14. f4 Nb4 15.
Nb5 Qd7 16. Nxa7 Ra8 17. Nb5 Bxg2 18. Qxg2 Rxa2 19. Rxa2 Nxa2 20. Ra1 Nb4 21.
Bc3 Nc6 22. Nf3 Qd3 23. Qf1 Ne4 24. Ra6 Nxc3 25. Nxc3 Qxf1+ 26. Kxf1 Na5 {(=)}
27. Rxb6 Nxc4 28. Rb7 Kf8 29. Ke2 Rc8 30. Nb5 f6 31. Kd3 Na5 32. Rb6 Kf7 33.
Ra6 Nc6 34. Kc4 h6 35. h4 h5 36. Ra4 1/2-1/2

[Event "4NCL/Div1/RIC vs. SLO1"]
[Site "Telford ENG"]
[Date "2003.01.18"]
[Round "3.5"]
[White "Webb, Laurence E"]
[Black "Thiruchelvam, Murugan"]
[Result "1/2-1/2"]
[WhiteElo "2279"]
[BlackElo "2259"]
[PlyCount "80"]
[EventDate "2003.01.18"]

1. d4 Nf6 2. c4 c5 3. d5 b5 4. Nf3 bxc4 5. Nc3 d6 6. e4 g6 7. Bxc4 Bg7 8. O-O
Bg4 9. Qa4+ Nbd7 10. e5 dxe5 11. Nxe5 O-O 12. Nxg4 Nxg4 13. Bb5 Ngf6 14. Bc6
Nb6 15. Qb5 Rc8 16. Rd1 Qd6 17. g3 Ng4 18. Bf4 e5 19. Ne4 Qc7 20. Bd2 Nf6 21.
Nxf6+ Bxf6 22. Be3 Be7 23. Rac1 Rb8 24. Qe2 Rfd8 25. Bxc5 Nxd5 26. Bxd5 Bxc5
27. Qc4 Rdc8 28. Rc2 Qe7 29. Qe2 Bb6 30. Kg2 Qf6 31. Rxc8+ Rxc8 32. Bb3 Bd4 33.
Rd2 Qf5 34. Qf3 Qxf3+ 35. Kxf3 Rc1 36. Ke4 Kf8 37. f4 f5+ 38. Kd3 Ke7 39. fxe5
Bxe5 40. Rc2 Rxc2 1/2-1/2

[Event "4NCL/Div1/RIC vs. SLO1"]
[Site "Telford ENG"]
[Date "2003.01.18"]
[Round "3.6"]
[White "Howell, David WL"]
[Black "Nixon, Thomas CM"]
[Result "1-0"]
[WhiteElo "2257"]
[BlackElo "2204"]
[PlyCount "85"]
[EventDate "2003.01.18"]

1. e4 e5 2. Nf3 Nc6 3. Bb5 a6 4. Bxc6 dxc6 5. O-O f6 6. d4 exd4 7. Nxd4 Bd6 8.
Nf5 Bxf5 9. exf5 Qd7 10. Re1+ Be5 11. Qh5+ Qf7 12. Qh3 O-O-O 13. Nd2 Kb8 14.
Nf3 Bd6 15. Be3 Ne7 16. Nd4 g6 17. Rad1 Be5 18. Qf3 Bxd4 19. fxg6 hxg6 20. Bxd4
Nf5 21. Bc3 Rdf8 22. h3 Nh4 23. Qg4 Nf5 24. b3 Rh4 25. Qe2 g5 26. Qd3 Nd6 27.
f3 f5 28. Be5 Rh6 29. c4 c5 30. Qd5 Qg6 31. Rd2 Rd8 32. Qxc5 g4 33. Bf4 Re8 34.
Red1 gxf3 35. Bxh6 Qxh6 {(=)} 36. Rxd6 f2+ 37. Qxf2 cxd6 38. Qxf5 Re2 39. Qd3
Re6 40. Kh1 Qh4 41. Rf1 Qe7 42. Qg3 Re2 43. c5 1-0

[Event "4NCL/Div1/RIC vs. SLO1"]
[Site "Telford ENG"]
[Date "2003.01.18"]
[Round "3.7"]
[White "Franklin, Michael J"]
[Black "Devereaux, Maxim"]
[Result "0-1"]
[WhiteElo "2222"]
[BlackElo "2305"]
[PlyCount "68"]
[EventDate "2003.01.18"]

1. d4 Nf6 2. Nf3 d5 3. e3 c6 4. c4 a6 5. Nc3 e6 6. Qc2 Nbd7 7. Bd2 Be7 8. Rd1
b5 9. b3 Bb7 10. Bd3 Qc7 11. O-O bxc4 12. bxc4 dxc4 13. Bxc4 c5 14. Be2 O-O 15.
h3 Rfc8 16. dxc5 Nxc5 17. Na4 Be4 18. Qc4 Nxa4 19. Qxa4 Bc2 20. Qa5 Qxa5 21.
Bxa5 Bxd1 22. Bxd1 Rc1 23. Nd4 Bd8 24. Bd2 Ra1 25. Bf3 Rxf1+ 26. Kxf1 Rb8 27.
Nc6 Rb2 28. Ke2 Bc7 29. a4 Nd7 30. Kd1 Nc5 31. a5 Ra2 32. Be2 Ne4 33. Bb4 Nxf2+
34. Ke1 Bg3 0-1

[Event "4NCL/Div1/RIC vs. SLO1"]
[Site "Telford ENG"]
[Date "2003.01.18"]
[Round "3.8"]
[White "Smith, Andrew P"]
[Black "Wilson, Alexandra"]
[Result "1-0"]
[WhiteElo "2199"]
[BlackElo "2029"]
[PlyCount "83"]
[EventDate "2003.01.18"]

1. e4 c5 2. Nf3 Nc6 3. d4 cxd4 4. Nxd4 Nf6 5. Nc3 e5 6. Ndb5 d6 7. Bg5 a6 8.
Na3 b5 9. Nd5 Be7 10. Bxf6 gxf6 11. Qh5 Be6 12. Bd3 Qa5+ 13. c3 Bxd5 14. exd5
b4 15. O-O bxa3 16. dxc6 Qc5 17. Bf5 Qxc6 18. Be6 Rf8 19. Rad1 Rb8 20. bxa3 Qe4
21. Bd5 Qa4 22. Rb1 Rc8 23. c4 Bd8 24. Rb7 Bc7 25. Qf5 Ke7 26. Qxh7 Qxa3 27.
Rd1 Qc5 28. Rb3 Rb8 29. Rf3 Bd8 30. h3 Ke8 31. h4 Qc7 32. h5 Qe7 33. h6 Kd7 34.
Qf5+ Kc7 35. h7 Rh8 36. Rg3 Qf8 37. Bf3 Be7 38. Qe4 Rb6 39. Bg4 Qh6 40. Bf5 Qh5
41. Qd3 Rbb8 42. c5 1-0

[Event "4NCL/Div1/SWD1 vs. BET"]
[Site "Telford ENG"]
[Date "2003.01.18"]
[Round "3.1"]
[White "Cobb, James E"]
[Black "Williams, Simon K"]
[Result "0-1"]
[WhiteElo "2318"]
[BlackElo "2405"]
[PlyCount "50"]
[EventDate "2003.01.18"]

1. e4 c5 2. Nf3 d6 3. c3 Nf6 4. Be2 Nbd7 5. d3 b6 6. Nbd2 Bb7 7. O-O g6 8. Re1
Bg7 9. Bf1 Ne5 10. Nxe5 dxe5 11. Nc4 Qc7 12. f4 Nd7 13. Qg4 b5 14. Nxe5 Nxe5
15. fxe5 Bxe5 16. d4 Bxh2+ 17. Kh1 h5 18. Bxb5+ Kf8 19. Qg5 h4 20. Bd3 h3 21.
Rf1 hxg2+ 22. Kxg2 Qd7 23. Rf3 Kg7 24. Be3 f6 25. Qxc5 Bd6 0-1

[Event "4NCL/Div1/SWD1 vs. BET"]
[Site "Telford ENG"]
[Date "2003.01.18"]
[Round "3.2"]
[White "Pert, Nicholas"]
[Black "Evans-Quek, Suan"]
[Result "1-0"]
[WhiteElo "2468"]
[BlackElo "2270"]
[PlyCount "119"]
[EventDate "2003.01.18"]

1. d4 d6 2. g3 Nc6 3. Bg2 g6 4. Nf3 Bg7 5. d5 Nb8 6. O-O e5 7. e4 Nh6 8. c4 O-O
9. Nc3 Qe8 10. Ne1 Nd7 11. Nd3 Nc5 12. Nxc5 dxc5 13. h3 f6 14. a3 Qe7 15. b4 b6
16. Qb3 Nf7 17. bxc5 Qxc5 18. a4 Qe7 19. Ba3 Nd6 20. c5 bxc5 21. Bxc5 Ba6 22.
Rfc1 Rfb8 23. Qc2 Qd7 24. Rab1 Rb7 25. Rxb7 Nxb7 26. Be3 Bf8 27. Nd1 Bd6 28.
Qc6 Qxc6 29. Rxc6 Bd3 30. Nb2 Be2 31. Rc2 Ba6 32. Rc6 Be2 33. Rc2 Ba6 34. Bf1
Bxf1 35. Kxf1 Na5 36. Bc5 a6 37. Bxd6 cxd6 38. Rc7 Rb8 39. Nd3 Rb1+ 40. Ke2 Nb3
41. Rd7 Ra1 42. Rxd6 Rxa4 43. Ke3 Ra3 44. Rc6 g5 45. Rc3 Nd4 46. Rxa3 Nc2+ 47.
Ke2 Nxa3 48. Nc5 a5 49. Nb7 Nc4 50. Kd3 Nb6 51. Nxa5 Kf7 52. Kc3 Ke7 53. Kb4
Nd7 54. Kb5 f5 55. exf5 Kd6 56. Nc4+ Kc7 57. d6+ Kb7 58. g4 e4 59. Nd2 Nf6 60.
Kc5 1-0

[Event "4NCL/Div1/SWD1 vs. BET"]
[Site "Telford ENG"]
[Date "2003.01.18"]
[Round "3.3"]
[White "Jones, Richard S"]
[Black "Dworakowska, Joanna"]
[Result "0-1"]
[WhiteElo "2246"]
[BlackElo "2404"]
[PlyCount "46"]
[EventDate "2003.01.18"]

1. e4 c5 2. Nf3 d6 3. d4 cxd4 4. Nxd4 Nf6 5. Nc3 a6 6. Bc4 e6 7. Bb3 b5 8. Bg5
Be7 9. Qf3 Qb6 10. O-O-O Nbd7 11. Rhe1 O-O 12. Qg3 Nc5 13. Bh6 Ne8 14. Bd5 b4
15. Na4 Nxa4 16. Bxa8 Bf6 17. Be3 Nc7 18. Bc6 Nxb2 19. Kxb2 Qxc6 20. Kb1 Qc3
21. f4 Nb5 22. e5 Na3+ 23. Kc1 Nc4 0-1

[Event "4NCL/Div1/SWD1 vs. BET"]
[Site "Telford ENG"]
[Date "2003.01.18"]
[Round "3.4"]
[White "Ledger, Andrew J"]
[Black "Zeidler, Sven P"]
[Result "1-0"]
[WhiteElo "2397"]
[BlackElo "2265"]
[PlyCount "85"]
[EventDate "2003.01.18"]

1. e4 d5 2. exd5 Qxd5 3. Nc3 Qa5 4. Nf3 Nf6 5. h3 c6 6. Bc4 Bf5 7. d3 e6 8. Qe2
Nbd7 9. O-O Bd6 10. Bd2 Qc7 11. Nd4 O-O 12. Nxf5 exf5 13. d4 Rae8 14. Qf3 Ne4
15. Be3 Qa5 16. Bd3 Ndf6 17. Ne2 g5 18. Ng3 f4 19. Nxe4 Nxe4 20. Bxe4 f5 21.
Bd3 fxe3 22. fxe3 Qd2 23. Rae1 Bf4 24. Re2 Rxe3 25. Rxd2 Rxf3 26. Rxf3 Bxd2 27.
Bxf5 Re8 28. Kf2 Be1+ 29. Kf1 Kg7 30. c4 h5 31. d5 cxd5 32. cxd5 h4 33. Be6 Bg3
34. Rf7+ Kh6 35. Ke2 Bd6 36. Rxb7 Bc5 37. Kd3 Rf8 38. Kc4 Bb6 39. d6 Rf4+ 40.
Kd5 Rf2 41. Rxb6 axb6 42. d7 Rxg2 43. Kd6 1-0

[Event "4NCL/Div1/SWD1 vs. BET"]
[Site "Telford ENG"]
[Date "2003.01.18"]
[Round "3.5"]
[White "Dineley, Richard DP"]
[Black "Pert, Richard G"]
[Result "1/2-1/2"]
[WhiteElo "2265"]
[BlackElo "2378"]
[PlyCount "32"]
[EventDate "2003.01.18"]

1. e4 e6 2. d4 d5 3. Nd2 dxe4 4. Nxe4 Nd7 5. Nf3 Ngf6 6. Nxf6+ Nxf6 7. g3 b6 8.
Bg2 Bb7 9. O-O Be7 10. Qe2 O-O 11. b3 c5 12. dxc5 Bxc5 13. Bb2 Qe7 14. Rad1
Rfd8 15. Nd4 Bxg2 16. Kxg2 Rac8 1/2-1/2

[Event "4NCL/Div1/SWD1 vs. BET"]
[Site "Telford ENG"]
[Date "2003.01.18"]
[Round "3.6"]
[White "Hunt, Adam C"]
[Black "Johnston, Dafydd"]
[Result "1-0"]
[WhiteElo "2365"]
[BlackElo "2273"]
[PlyCount "43"]
[EventDate "2003.01.18"]

1. e4 c5 2. Nf3 d6 3. d4 cxd4 4. Nxd4 Nf6 5. Nc3 g6 6. Be2 Bg7 7. O-O O-O 8.
Bg5 Nc6 9. Nb3 Be6 10. f4 Na5 11. Kh1 Rc8 12. e5 Rxc3 13. bxc3 Ne4 14. Nxa5
Qxa5 15. Bxe7 dxe5 16. Bxf8 Bxf8 17. Bf3 Nxc3 18. Qd2 b6 19. fxe5 Qxe5 20. Rae1
Qc7 21. Rxe6 fxe6 22. Bg4 1-0